Normal view MARC view
  • Prestifilippo, Pablo,

Entry Nombre Personal

Number of records used in: 2

001 - NUMERO DE CONTROL

  • campo de control: 39040

003 - IDENTIFICADOR DE NUMERO DE CONTROL

  • campo de control: UPN

005 - FECHA Y HORA DE LA ÜLTIMA TRANSACCIÓN

  • campo de control: 20210219194541.0

008 - DATOS DE LONGITUD FIJA

  • campo de control de longitud fija: nabaccnnaabn|||||||||| b |nc|||||d

035 ## - NUMERO DE CONTROL

  • Número de control: UPN11000011147

040 ## - FUENTE DE CATALOGACIÓN

  • Lenguaje de catalogación: SPA
  • Agencia de transcripción: UPN

100 1# - ENCABEZAMIENTO - NOMBRE PERSONAL

  • Nombre personal: Prestifilippo, Pablo,
  • Fechas asociadas con el nombre: 1960-

670 ## - FUENTE EN LA QUE SE LOCALIZARON DATOS

  • Cita de la fuente: T
  • : http://www.kalandraka.com/es/autores/detalle/ficha/prestifilippo/

680 ## - NOTA PUBLICA DE ACCESO PÚBLICO

  • Frase explicativa de la referencia: Estudió Comunicación Social en Argentina y trabajó durante varios años en agencias de publicidad. En 1993 publicó en Argentina su primer trabajo de ilustración infantil, especialidad a la que se dedicó en exclusiva

902 ## - CATALOGADOR

  • Catalogador: MCM/060916